000 00232nam a2200097Ia 4500
008 170619s9999 xx 000 0 und d
100 _aGoodman- Richard
245 0 _aIntroduction To Rock Mechanics
260 _bWiley-India
260 _c2010
546 _aENGLISH
999 _c20619
_d20619